[Event "CXV R - 014 email"]
[Site "Brazil CXV"]
[Date "2000.10.30"]
[Round "?"]
[White "Faller, Anderson Carlos"]
[Black "Robson Silva, Carlos"]
[Result "0-1"]
[WhiteElo "1500"]
[BlackElo "1916"]
[PlyCount "54"]
[EventDate "2000.??.??"]
[EventType "tourn (corr)"]
[EventRounds "4"]
[EventCountry "BRA"]
[SourceTitle "Corr 2004"]
[Source "ChessBase"]
[SourceDate "2003.04.28"]
[SourceVersion "3"]
[SourceVersionDate "2003.04.28"]
[SourceQuality "1"]

1. e4 c5 2. Nf3 d6 3. d4 cxd4 4. Nxd4 Nf6 5. Nc3 g6 6. Be2 Bg7 7. Bd2 Nxe4 8. Nxe4 Bxd4 9. Bh6 Bxb2 10. Rb1 Qa5+ 11. Qd2 Qxd2+ 12. Bxd2 Bg7 13. 0-0 0-0 14. Bf3 Nc6 15. Rfe1 Nd4 16. Bd1 d5 17. Nc3 e6 18. Be3 Nxc2 19. Bxc2 Bxc3 20. Red1 b6 21. Bd3 Bb7 22. Rdc1 Rac8 23. Rb3 d4 24. Bf4 Bd5 25. Ra3 a5 26. Ra4 Bb4 27. Rxc8 Rxc8 0-1